000 00417nam a2200157Ia 4500
008 210210b2006 xxu||||| |||| 00| 0 eng d
020 _a81 8054 230 0
082 _a346.065 KAPB
100 _aKAPOOR (N D).
245 _aBusiness and corporate laws.
260 _aNew Delhi
_bSultan Chand & Sons
_c2006
300 _axxiv,920
650 _aBusiness Law Corporate Law
690 _aBusiness Law
906 _a061750
999 _c108416
_d108416